Падуя. Виченца. Верона / (ბიბ.ჩანაწერი № 60850)
[ მარტივი ფორმატი ]
| 000 -LEADER | |
|---|---|
| fixed length control field | 00595nam a22001697a 4500 |
| 005 - DATE AND TIME OF LATEST TRANSACTION | |
| control field | 20231110104837.0 |
| 008 - FIXED-LENGTH DATA ELEMENTS--GENERAL INFORMATION | |
| fixed length control field | 231110s1978 ru ||||| |||| 00| 0 rus d |
| 041 ## - LANGUAGE CODE | |
| Language code of text/sound track or separate title | rus |
| 080 ## - UNIVERSAL DECIMAL CLASSIFICATION NUMBER | |
| Universal Decimal Classification number | 726 Г-71 |
| 100 ## - MAIN ENTRY--PERSONAL NAME | |
| Personal name | Горяинов, В. В. |
| 9 (RLIN) | 20312 |
| 245 ## - TITLE STATEMENT | |
| Title | Падуя. Виченца. Верона / |
| Statement of responsibility, etc. | В. В. Горяинов. |
| 264 ## - PRODUCTION, PUBLICATION, DISTRIBUTION, MANUFACTURE, AND COPYRIGHT NOTICE | |
| Place of production, publication, distribution, manufacture | Москва : |
| Name of producer, publisher, distributor, manufacturer | Искусство, |
| Date of production, publication, distribution, manufacture, or copyright notice | 1978. |
| 300 ## - PHYSICAL DESCRIPTION | |
| Extent | 182 с. : |
| Other physical details | ил. ; |
| Dimensions | 16 см |
| 440 ## - SERIES STATEMENT/ADDED ENTRY--TITLE | |
| Title | Города и музеи мира |
| 9 (RLIN) | 20091 |
| 653 ## - INDEX TERM--UNCONTROLLED | |
| keyword | პადუა. ვიჩენცა. ვერონა |
| 942 ## - ADDED ENTRY ELEMENTS (KOHA) | |
| Source of classification or shelving scheme | |
| Koha item type | წიგნი |
არაა ხელმისაწვდომი ეგზემპლარები.
